| 000 | 00356nam a2200145Ia 4500 | ||
|---|---|---|---|
| 008 | 191201s2012 xx 000 0 und d | ||
| 082 |
_a621.38 _bBOC |
||
| 100 | _aBOYLESTAD, Robert L | ||
| 245 | 0 | _aElectronic Devices and Circuit Theory | |
| 250 | _a8th | ||
| 260 |
_aN.Delhi _bPearson _c2012 |
||
| 300 | _a1020 | ||
| 650 | _aB.Tech(ECE) | ||
| 942 |
_2ddc _cBK |
||
| 999 |
_c1392 _d1392 |
||